[Event "Olimpiada Calviá 2004"]
[Site "Calviá ESP"]
[Date "2004.10.27"]
[Round "12.46"]
[White "Lo Kim Lin, Frank"]
[Black "Huguet, Sergio"]
[Result "0-1"]
[WhiteElo "2200"]
[BlackElo "2141"]
[PlyCount "72"]
[EventDate "2004.10.15"]
[EventType "team"]
[EventRounds "14"]
[EventCountry "ESP"]
[Source "lmi"]
[SourceDate "2004.10.27"]

1. e4 Nf6 2. e5 Nd5 3. d4 d6 4. Nf3 Bg4 5. Be2 c6 6. O-O Bxf3 7. Bxf3 dxe5 8.
dxe5 e6 9. Qe2 Nd7 10. c4 Ne7 11. Bg4 Ng6 12. f4 Bc5+ 13. Kh1 O-O 14. Nc3 Qc7
15. Ne4 Rfd8 16. Ng5 Nb6 17. Bd2 Qd7 18. Bc3 Qd3 19. f5 Qxe2 20. Bxe2 Nf8 21.
Ne4 Bd4 22. Nd6 Bxc3 23. bxc3 Rd7 24. Bg4 exf5 25. Rxf5 Re7 26. Raf1 Ng6 27.
Nxf7 Nxc4 28. R5f3 Nd2 29. Ng5 Nxf3 30. Rxf3 Nxe5 31. Re3 Rae8 32. Bd1 Nc4 33.
Rxe7 Rxe7 34. Nf3 Nd2 35. Ng1 Re1 36. Bg4 Ne4 0-1

[Event "Olimpiada Calviá 2004"]
[Site "Calviá ESP"]
[Date "2004.10.27"]
[Round "12.47"]
[White "Soppe, Guillermo"]
[Black "Zhidkov, Valery S"]
[Result "1/2-1/2"]
[WhiteElo "2433"]
[BlackElo "2394"]
[PlyCount "41"]
[EventDate "2004.10.15"]
[EventType "team"]
[EventRounds "14"]
[EventCountry "ESP"]
[Source "lmi"]
[SourceDate "2004.10.27"]

1. d4 Nf6 2. Nf3 e6 3. e3 b6 4. Bd3 Bb7 5. O-O d5 6. b3 Nbd7 7. Bb2 Bd6 8. c4
O-O 9. Nc3 a6 10. Qe2 Qe7 11. Rac1 dxc4 12. bxc4 e5 13. c5 bxc5 14. dxe5 Nxe5
15. Nxe5 Bxe5 16. Na4 Bxb2 17. Qxb2 Bxg2 18. Kxg2 Qd7 19. Nxc5 Qg4+ 20. Kh1
Qf3+ 21. Kg1 1/2-1/2

[Event "Olimpiada Calviá 2004"]
[Site "Calviá ESP"]
[Date "2004.10.27"]
[Round "12.47"]
[White "Bieluczyk, Bogdan"]
[Black "Pierrot, Facundo"]
[Result "0-1"]
[WhiteElo "2259"]
[BlackElo "2436"]
[PlyCount "96"]
[EventDate "2004.10.15"]
[EventType "team"]
[EventRounds "14"]
[EventCountry "ESP"]
[Source "lmi"]
[SourceDate "2004.10.27"]

1. e4 e5 2. Nf3 Nc6 3. Bb5 a6 4. Ba4 Nf6 5. d4 exd4 6. O-O Be7 7. Re1 b5 8. e5
Nxe5 9. Rxe5 bxa4 10. Nxd4 O-O 11. Nf5 Re8 12. Bg5 d6 13. Nxe7+ Rxe7 14. Bxf6
gxf6 15. Rxe7 Qxe7 16. Nc3 Bb7 17. Qd2 Re8 18. f3 a3 19. Rb1 axb2 20. Rxb2 Bc6
21. Rb4 d5 22. Rg4+ Kh8 23. Kf2 Qe5 24. h3 Ba8 25. Ne2 c5 26. c3 Bc6 27. a4 Bd7
28. Rf4 Rb8 29. g4 Rb1 30. h4 Be6 31. h5 Qb8 32. h6 Rb2 33. Qe3 Qe5 34. Qxe5
fxe5 35. Rf6 d4 36. cxd4 exd4 37. Ke1 d3 38. Nc3 c4 39. Rf4 Kg8 40. Rd4 Kf8 41.
Kd1 f6 42. Ne4 Ke7 43. Nc5 Bf7 44. Rd7+ Ke8 45. Rd6 Bg6 46. Rd4 c3 47. Nxd3
Rd2+ 48. Kc1 Rxd3 0-1

[Event "Olimpiada Calviá 2004"]
[Site "Calviá ESP"]
[Date "2004.10.27"]
[Round "12.48"]
[White "El-Zayat, Ahmed"]
[Black "Shrestha, Bilam Lal"]
[Result "0-1"]
[WhiteElo "1958"]
[BlackElo "2180"]
[PlyCount "94"]
[EventDate "2004.10.15"]
[EventType "team"]
[EventRounds "14"]
[EventCountry "ESP"]
[Source "lmi"]
[SourceDate "2004.10.27"]

1. d4 d5 2. Nf3 Nf6 3. Bf4 Bf5 4. e3 e6 5. Bd3 Bg6 6. O-O Be7 7. c3 Nbd7 8. Qc2
Rc8 9. Nbd2 c5 10. Bxg6 hxg6 11. Qa4 a6 12. Ne5 O-O 13. Ndf3 Nxe5 14. Nxe5 Bd6
15. Bg5 Qc7 16. f4 Ne4 17. Bh4 g5 18. Bg3 gxf4 19. exf4 cxd4 20. cxd4 Bxe5 21.
fxe5 Qb6 22. b3 Rc3 23. Rac1 Nxg3 24. hxg3 Rxg3 25. Rc5 Qd8 26. Qb4 Qg5 27. Rc2
Qe3+ 28. Kh2 Rg4 29. Rcf2 Qxe5+ 30. Kg1 Qxd4 31. Qxb7 a5 32. Qc7 e5 33. Qxa5 e4
34. Qd2 Qe5 35. Rf5 Qg3 36. Rxd5 e3 37. Qb2 Rh4 38. Qe5 Rg4 39. Qxg3 Rxg3 40.
Re5 f6 41. Kh2 fxe5 42. Rxf8+ Kxf8 43. Kxg3 e4 44. a4 Ke8 45. b4 Kd7 46. b5 Kc7
47. a5 Kb7 0-1

[Event "Olimpiada Calviá 2004"]
[Site "Calviá ESP"]
[Date "2004.10.27"]
[Round "12.48"]
[White "Salem, Ali Maoloud"]
[Black "Surbir, Lama"]
[Result "0-1"]
[WhiteElo "2228"]
[BlackElo "2112"]
[PlyCount "134"]
[EventDate "2004.10.15"]
[EventType "team"]
[EventRounds "14"]
[EventCountry "ESP"]
[Source "lmi"]
[SourceDate "2004.10.27"]

1. e4 c5 2. Nf3 e6 3. d4 cxd4 4. Nxd4 a6 5. c4 Qc7 6. Nc2 Nf6 7. Nc3 Nc6 8. Be2
b6 9. Be3 Bb7 10. f3 d6 11. Qd2 Be7 12. O-O O-O 13. Rfd1 Rfd8 14. Qe1 d5 15.
Qf2 dxe4 16. Bxb6 Qe5 17. f4 Rxd1+ 18. Rxd1 Qf5 19. Ne3 Qg6 20. a3 Bf8 21. b4
Ne7 22. Qg3 Nf5 23. Qxg6 hxg6 24. Nxf5 gxf5 25. Kf2 Bc6 26. Rd8 Rxd8 27. Bxd8
Nd7 28. g3 g6 29. Ke3 Bg7 30. b5 Bb7 31. Ba5 Nc5 32. Bb4 Nb3 33. Bd1 Bd4+ 34.
Ke2 a5 35. Bxb3 axb4 36. Nb1 bxa3 37. Nxa3 Kf8 38. Nc2 Bc5 39. Ne3 Ke7 40. h4
Kd6 41. Bd1 f6 42. g4 fxg4 43. Nxg4 Ke7 44. Bc2 Bd4 45. Nf2 f5 46. Nh3 Kf6 47.
Ng5 e5 48. fxe5+ Kxe5 49. Nf7+ Kf4 50. Nd8 Bc8 51. c5 Bxc5 52. Bb3 Be7 53. Nc6
Bxh4 54. Bd5 Bf6 55. Bc4 Bd7 56. Nb4 Bd8 57. b6 Bc8 58. Nc6 Bxb6 59. Ne7 Bb7
60. Nxg6+ Kg3 61. Ne7 f4 62. Nf5+ Kh3 63. Nd6 Bc6 64. Be6+ Kg2 65. Bc4 f3+ 66.
Kd1 e3 67. Nb5 Bxb5 0-1

[Event "Olimpiada Calviá 2004"]
[Site "Calviá ESP"]
[Date "2004.10.27"]
[Round "12.48"]
[White "Shrestha, Keshav"]
[Black "Asabri, Hussien"]
[Result "1/2-1/2"]
[WhiteElo "2170"]
[BlackElo "2286"]
[PlyCount "115"]
[EventDate "2004.10.15"]
[EventType "team"]
[EventRounds "14"]
[EventCountry "ESP"]
[Source "lmi"]
[SourceDate "2004.10.27"]

1. e4 e5 2. Nf3 Nc6 3. Nc3 Nf6 4. g3 d5 5. exd5 Nxd5 6. Bg2 Nxc3 7. bxc3 Be7 8.
d3 O-O 9. O-O Bf6 10. Nd2 Be6 11. Ba3 Re8 12. Qe2 Rb8 13. Rfe1 Qd7 14. Ne4 Be7
15. Bxe7 Qxe7 16. Qe3 Rbd8 17. Reb1 b6 18. Ng5 Bd7 19. Bd5 Rf8 20. Re1 h6 21.
Nf3 Qd6 22. Bb3 Rfe8 23. Rad1 Na5 24. d4 exd4 25. Qxd4 Rxe1+ 26. Rxe1 Qxd4 27.
cxd4 Kf8 28. c3 Re8 29. Rxe8+ Bxe8 30. Kf1 Bb5+ 31. Ke1 Ke7 32. Kd2 Nc4+ 33.
Bxc4 Bxc4 34. a3 Bd5 35. Ne5 b5 36. Ke3 Kd6 37. Nd3 a5 38. Nc5 g5 39. f4 f6 40.
fxg5 fxg5 41. Nd3 Ke6 42. Nf2 Kf5 43. Kd3 Bc4+ 44. Kd2 Bd5 45. Ke3 h5 46. Nd3
h4 47. Nf2 hxg3 48. hxg3 a4 49. Nd3 Kg4 50. Kf2 Kf5 51. Nc5 c6 52. Nd3 Ke4 53.
Nc5+ Kf5 54. Ke2 Kg4 55. Kf2 Kf5 56. Ke1 Kg4 57. Kf2 Kf5 58. Ke1 1/2-1/2

[Event "Olimpiada Calviá 2004"]
[Site "Calviá ESP"]
[Date "2004.10.27"]
[Round "12.49"]
[White "Bibby, Simon"]
[Black "Njobvu, Ignatius"]
[Result "1/2-1/2"]
[WhiteElo "2229"]
[BlackElo "2201"]
[PlyCount "102"]
[EventDate "2004.10.15"]
[EventType "team"]
[EventRounds "14"]
[EventCountry "ESP"]
[Source "lmi"]
[SourceDate "2004.10.27"]

1. d4 d5 2. c4 c6 3. Nf3 Nf6 4. e3 Bg4 5. h3 Bxf3 6. Qxf3 Nbd7 7. cxd5 cxd5 8.
Nc3 e6 9. g4 Bb4 10. Bg2 Rc8 11. O-O Bxc3 12. bxc3 O-O 13. Ba3 Re8 14. Rfc1 Ne4
15. c4 Nd2 16. Qg3 Nxc4 17. Bb4 a5 18. Be1 Nf6 19. Rab1 b6 20. Qf4 h6 21. Rb3
Re7 22. h4 Qc7 23. Qxc7 Rexc7 24. f3 Kf8 25. Bf1 Rc6 26. a4 Ke7 27. Kf2 Nd7 28.
Rbc3 Nb8 29. Bd3 Nd6 30. Ke2 Rxc3 31. Bxc3 Nc6 32. Rb1 Rb8 33. Ba6 Kd7 34. Be1
f6 35. g5 hxg5 36. hxg5 e5 37. gxf6 gxf6 38. dxe5 fxe5 39. Bg3 Nb4 40. Bd3 e4
41. fxe4 dxe4 42. Bc4 Rd8 43. Rd1 Kc6 44. Bb5+ Kc7 45. Be5 Nd3 46. Bxd3 exd3+
47. Rxd3 Kc6 48. Bxd6 Rxd6 49. Rxd6+ Kxd6 50. Kd3 Kc5 51. Kc3 b5 1/2-1/2

[Event "Olimpiada Calviá 2004"]
[Site "Calviá ESP"]
[Date "2004.10.27"]
[Round "12.49"]
[White "Pitlagano, Tebogo"]
[Black "Nanjo, Ryosuke"]
[Result "0-1"]
[WhiteElo "2128"]
[BlackElo "2154"]
[PlyCount "114"]
[EventDate "2004.10.15"]
[EventType "team"]
[EventRounds "14"]
[EventCountry "ESP"]
[Source "lmi"]
[SourceDate "2004.10.27"]

1. e4 c5 2. Nf3 Nc6 3. d4 cxd4 4. Nxd4 g6 5. Nc3 Bg7 6. Be3 Nf6 7. f3 O-O 8.
Qd2 d5 9. Nxc6 bxc6 10. O-O-O Qc7 11. exd5 Nxd5 12. Bd4 e5 13. Bc5 Rd8 14. Ne4
Rb8 15. c4 Bf5 16. Bd3 Nf4 17. Qc2 Qa5 18. Bd6 Rxd6 19. Nxd6 Nxd3+ 20. Rxd3
Bxd3 21. Qxd3 Qxa2 22. Qa3 Qxa3 23. bxa3 Rb3 24. Nc8 Rxa3 25. Kb2 Bf8 26. Rd1
Ra4 27. Kb3 Rb4+ 28. Kc3 a5 29. Rd8 Rb7 30. Nd6 Ra7 31. Kb3 a4+ 32. Ka3 Kg7 33.
Ka2 a3 34. g4 Ra4 35. Ne8+ Kh6 36. h4 Be7 37. g5+ Kh5 38. Rd7 Bc5 39. Rxf7 Kxh4
40. Nf6 Ra7 41. Nd7 Kxg5 42. Rxh7 Bd6 43. c5 Bxc5 44. Rf7 Rb7 45. Nxe5 Rxf7 46.
Nxf7+ Kf4 47. Kb3 Be7 48. Nh8 Kf5 49. Nf7 g5 50. Nh6+ Kf4 51. Nf7 Kxf3 52. Ne5+
Kf2 53. Nxc6 Bd6 54. Nd4 g4 55. Nf5 Bc5 56. Nh6 g3 57. Ng4+ Ke2 0-1

[Event "Olimpiada Calviá 2004"]
[Site "Calviá ESP"]
[Date "2004.10.27"]
[Round "12.49"]
[White "Shiomi, Ryo"]
[Black "Oatlhotse, Providence"]
[Result "1/2-1/2"]
[WhiteElo "2072"]
[BlackElo "2128"]
[PlyCount "68"]
[EventDate "2004.10.15"]
[EventType "team"]
[EventRounds "14"]
[EventCountry "ESP"]
[Source "lmi"]
[SourceDate "2004.10.27"]

1. e4 e5 2. Nf3 Nc6 3. d4 exd4 4. Nxd4 Nf6 5. Nc3 Bb4 6. Nxc6 bxc6 7. Bd3 O-O
8. O-O d5 9. exd5 cxd5 10. Bg5 c6 11. Na4 Qd6 12. c3 Ba5 13. Qc2 Bc7 14. g3 h6
15. Bf4 Qd8 16. Bxc7 Qxc7 17. c4 d4 18. Rfe1 c5 19. Bf1 Bb7 20. Bg2 Bxg2 21.
Kxg2 Rfe8 22. b3 Re5 23. Nb2 Rae8 24. Nd3 Re4 25. Rxe4 Rxe4 26. Re1 Qc6 27.
Rxe4 Qxe4+ 28. f3 Qf5 29. Qe2 h5 30. Kg1 Kf8 31. Kg2 Kg8 32. Kg1 Kf8 33. Kg2
Kg8 34. a3 a5 1/2-1/2

[Event "Olimpiada Calviá 2004"]
[Site "Calviá ESP"]
[Date "2004.10.27"]
[Round "12.49"]
[White "Hosiah, Olebogeng"]
[Black "Hayashi, Kenji"]
[Result "0-1"]
[WhiteElo "2124"]
[BlackElo "2056"]
[PlyCount "60"]
[EventDate "2004.10.15"]
[EventType "team"]
[EventRounds "14"]
[EventCountry "ESP"]
[Source "lmi"]
[SourceDate "2004.10.27"]

1. e4 c5 2. Nf3 d6 3. d4 cxd4 4. Nxd4 Nf6 5. Nc3 g6 6. Be3 Bg7 7. f3 O-O 8. Qd2
Nc6 9. g4 Bd7 10. O-O-O Qa5 11. h4 Rfc8 12. Nb3 Qd8 13. h5 Ne5 14. hxg6 fxg6
15. Be2 Be6 16. Bh6 Qf8 17. Bxg7 Qxg7 18. g5 Nfd7 19. Rh2 Nc4 20. Bxc4 Rxc4 21.
Rdh1 Nf8 22. Qe3 a6 23. f4 Rac8 24. Nd5 Bxd5 25. exd5 R8c7 26. Rd1 Qf7 27. Rf2
Qf5 28. Rdd2 Re4 29. Qd3 Re1+ 30. Rd1 Qxd3 0-1

[Event "Olimpiada Calviá 2004"]
[Site "Calviá ESP"]
[Date "2004.10.27"]
[Round "12.50"]
[White "Singh, Ravishen"]
[Black "Chong, Chor Yuen"]
[Result "0-1"]
[WhiteElo "2093"]
[BlackElo "2146"]
[PlyCount "70"]
[EventDate "2004.10.15"]
[EventType "team"]
[EventRounds "14"]
[EventCountry "ESP"]
[Source "lmi"]
[SourceDate "2004.10.27"]

1. e4 c5 2. Nf3 d6 3. d4 cxd4 4. Nxd4 Nf6 5. Nc3 a6 6. Be3 e5 7. Nb3 Be6 8. Qd2
Be7 9. f3 O-O 10. O-O-O b5 11. g4 Nbd7 12. Kb1 b4 13. Nd5 Bxd5 14. exd5 Nb6 15.
Bxb6 Qxb6 16. Bd3 a5 17. Nc1 Rfc8 18. h4 a4 19. h5 Nd7 20. Bf5 Rc7 21. g5 Nc5
22. g6 h6 23. gxf7+ Kxf7 24. Rhg1 Bf6 25. Nd3 b3 26. Nxc5 bxa2+ 27. Kxa2 e4 28.
Rb1 Qxc5 29. Be6+ Ke8 30. Qe2 Qxc2 31. Qxc2 Rxc2 32. Ka3 Rb8 33. fxe4 Bxb2+ 34.
Ka2 Bd4+ 35. Ka3 Bc5+ 0-1

[Event "Olimpiada Calviá 2004"]
[Site "Calviá ESP"]
[Date "2004.10.27"]
[Round "12.51"]
[White "Kawuma, Steven Male"]
[Black "Papatryfonos, Constantinos"]
[Result "1/2-1/2"]
[WhiteElo "2141"]
[BlackElo "2123"]
[PlyCount "109"]
[EventDate "2004.10.15"]
[EventType "team"]
[EventRounds "14"]
[EventCountry "ESP"]
[Source "lmi"]
[SourceDate "2004.10.27"]

1. e4 e5 2. Nf3 Nc6 3. Bb5 a6 4. Ba4 Nge7 5. d3 g6 6. c3 Bg7 7. Nbd2 O-O 8. Qe2
d5 9. Nf1 d4 10. Bd2 h6 11. Ng3 Be6 12. c4 Rb8 13. O-O f6 14. Rfc1 Qe8 15. b4
Nc8 16. Rab1 Nb6 17. Bb3 Ne7 18. Qd1 Nd7 19. c5 Qf7 20. a4 Rfc8 21. Be1 Nf8 22.
Nd2 Bxb3 23. Qxb3 Qxb3 24. Rxb3 Ne6 25. Nc4 Bf8 26. Bd2 Kf7 27. Ne2 h5 28. f4
exf4 29. Nxf4 Nc6 30. Rf1 Nxf4 31. Bxf4 Ke6 32. Bg3 Ne5 33. Nxe5 fxe5 34. Rb2
Be7 35. h3 b6 36. c6 b5 37. a5 Rf8 38. h4 g5 39. hxg5 Bxg5 40. Rc2 Be3+ 41. Bf2
Rxf2 42. Rfxf2 Rf8 43. Kf1 Bxf2 44. Rxf2 Rxf2+ 45. Kxf2 Kf6 46. Kf3 Kg5 47. Kg3
h4+ 48. Kh3 Kh5 49. g3 hxg3 50. Kxg3 Kg5 51. Kf3 Kh4 52. Kf2 Kg4 53. Kg2 Kg5
54. Kg3 Kh5 55. Kh3 1/2-1/2

[Event "Olimpiada Calviá 2004"]
[Site "Calviá ESP"]
[Date "2004.10.27"]
[Round "12.52"]
[White "Abbas, Baha H"]
[Black "Olape, Bunmi"]
[Result "1-0"]
[WhiteElo "2213"]
[BlackElo "2304"]
[PlyCount "107"]
[EventDate "2004.10.15"]
[EventType "team"]
[EventRounds "14"]
[EventCountry "ESP"]
[Source "lmi"]
[SourceDate "2004.10.27"]

1. e4 e5 2. Nf3 Nf6 3. Nc3 Nc6 4. d4 exd4 5. Nd5 Be7 6. Nxd4 d6 7. Bb5 Bd7 8.
O-O O-O 9. Nf5 Bxf5 10. exf5 Nxd5 11. Qxd5 Qd7 12. c3 Bf6 13. g4 a6 14. Ba4 b5
15. Bc2 h6 16. f4 Rfe8 17. Qg2 d5 18. g5 hxg5 19. fxg5 Be5 20. Qh3 Bd6 21. Qh5
Ne5 22. Be3 g6 23. fxg6 fxg6 24. Bxg6 Qg4+ 25. Qxg4 Nxg4 26. Bf7+ Kh7 27. g6+
Kg7 28. Bd4+ Kh6 29. h3 Ne5 30. Bxe8 Rxe8 31. g7 Kxg7 32. Rae1 Kg6 33. Re3 c5
34. Bxe5 Bxe5 35. Rfe1 Kf5 36. Kf1 a5 37. Rf3+ Kg5 38. Re2 b4 39. cxb4 axb4 40.
Ke1 c4 41. Kd1 Re7 42. Rg2+ Kh6 43. Rf5 Bg7 44. Rxd5 c3 45. bxc3 bxc3 46. a4
Ra7 47. a5 Rb7 48. Ra2 Kg6 49. a6 Ra7 50. Rb5 Rd7+ 51. Kc2 Bd4 52. Rb7 Rd8 53.
a7 Ra8 54. Ra4 1-0

[Event "Olimpiada Calviá 2004"]
[Site "Calviá ESP"]
[Date "2004.10.27"]
[Round "12.52"]
[White "Hussein, Noah A"]
[Black "Adedeji Olatunji, Adekola"]
[Result "1-0"]
[WhiteElo "2349"]
[BlackElo "2093"]
[PlyCount "97"]
[EventDate "2004.10.15"]
[EventType "team"]
[EventRounds "14"]
[EventCountry "ESP"]
[Source "lmi"]
[SourceDate "2004.10.27"]

1. Nf3 Nf6 2. g3 c5 3. Bg2 g6 4. b3 Bg7 5. Bb2 Nc6 6. O-O O-O 7. c4 Qc7 8. Nc3
a6 9. d4 cxd4 10. Nxd4 b6 11. Nd5 Qd8 12. Nxc6 dxc6 13. Nxf6+ exf6 14. Bxc6 Bh3
15. Bxa8 Qxa8 16. Qd5 Bxf1 17. Qxa8 Rxa8 18. Kxf1 Rd8 19. Ke1 f5 20. Bxg7 Kxg7
21. Rd1 Rb8 22. Rd6 a5 23. Kd2 Kf8 24. Kd3 Ke7 25. Rd5 Rc8 26. h4 f6 27. f3 Ke6
28. e4 fxe4+ 29. Kxe4 a4 30. Rb5 Rc6 31. g4 axb3 32. axb3 h6 33. f4 Kd6 34. h5
g5 35. Kf5 gxf4 36. Rd5+ Ke7 37. Kxf4 Ke6 38. Ke4 Rc8 39. Rb5 Rc6 40. Kd4 Rd6+
41. Rd5 Rc6 42. Rd8 f5 43. gxf5+ Kxf5 44. b4 Re6 45. Kd5 Re5+ 46. Kc6 Ke4 47.
Kxb6 Rxh5 48. c5 Rh1 49. c6 1-0

[Event "Olimpiada Calviá 2004"]
[Site "Calviá ESP"]
[Date "2004.10.27"]
[Round "12.54"]
[White "Mannhart, Marcel"]
[Black "Baules, Jorge"]
[Result "0-1"]
[WhiteElo "2191"]
[BlackElo "2275"]
[PlyCount "152"]
[EventDate "2004.10.15"]
[EventType "team"]
[EventRounds "14"]
[EventCountry "ESP"]
[Source "lmi"]
[SourceDate "2004.10.27"]

1. Nc3 c5 2. Nf3 Nc6 3. d4 cxd4 4. Nxd4 Nf6 5. Bg5 e6 6. Qd2 Be7 7. e4 d6 8.
Be2 a6 9. O-O Bd7 10. Kh1 O-O 11. Rad1 b5 12. a3 Nxd4 13. Qxd4 Bc6 14. f4 Rc8
15. Bf3 d5 16. Qe3 Re8 17. Rfe1 h6 18. Bxf6 Bxf6 19. e5 Bh4 20. Rf1 Qc7 21. Ne2
Bd7 22. c3 Be7 23. Nd4 Bf8 24. Be2 Qb8 25. Rf3 a5 26. b4 Qb6 27. Rg3 Kh8 28.
Rh3 Qb7 29. g4 Rc7 30. g5 Rec8 31. gxh6 g6 32. Rd3 Rc4 33. f5 exf5 34. e6 Bxe6
35. Qe5+ Kh7 36. Nf3 Qe7 37. Nd4 axb4 38. axb4 Bd7 39. Qxe7 Bxe7 40. Rde3 Bg5
41. Bxc4 Bxe3 42. Rxe3 dxc4 43. Re7 Be8 44. Rb7 Kxh6 45. Kg1 Rd8 46. Kf2 Kg5
47. Ke3 Kg4 48. Ra7 f4+ 49. Kf2 Kh3 50. Kf3 g5 51. Ra6 f6 52. Rxf6 Bh5+ 53. Kf2
Ra8 54. Rh6 Ra2+ 55. Kf1 Kg4 56. h3+ Kh4 57. Nxb5 f3 58. Nd4 Kg3 59. Nf5+ Kf4
60. Rxh5 Ra1+ 61. Kf2 Ra2+ 62. Kf1 Ra1+ 63. Kf2 Ra2+ 64. Kf1 Kxf5 65. h4 Kf4
66. Rxg5 Rc2 67. Rg8 Rxc3 68. h5 Rc1+ 69. Kf2 Rh1 70. Rc8 Rh2+ 71. Kg1 Rxh5 72.
Rxc4+ Kg3 73. Rc3 Rd5 74. Rc1 Rd2 75. Rb1 Rg2+ 76. Kh1 Rh2+ 0-1

[Event "Olimpiada Calviá 2004"]
[Site "Calviá ESP"]
[Date "2004.10.27"]
[Round "12.54"]
[White "Guller, Andras"]
[Black "Saucedo, Ivan"]
[Result "0-1"]
[WhiteElo "2110"]
[BlackElo "2150"]
[PlyCount "130"]
[EventDate "2004.10.15"]
[EventType "team"]
[EventRounds "14"]
[EventCountry "ESP"]
[Source "lmi"]
[SourceDate "2004.10.27"]

1. d4 Nf6 2. Nf3 g6 3. g3 Bg7 4. Bg2 O-O 5. O-O d5 6. b3 c5 7. Bb2 Nc6 8. dxc5
Qa5 9. Nd4 Qxc5 10. Nxc6 bxc6 11. Nd2 Bf5 12. c4 d4 13. Nf3 e5 14. Qc1 Rfe8 15.
Ba3 Qa5 16. Nh4 Bd7 17. Bb2 Rac8 18. Rd1 c5 19. e4 Bc6 20. f3 Nh5 21. Bh3 Rcd8
22. Qd2 Qxd2 23. Rxd2 Bh6 24. Rd3 a5 25. Ba3 Bf8 26. Bc1 Ng7 27. Rb1 Rb8 28.
Bg5 Be7 29. Bxe7 Rxe7 30. Re1 Reb7 31. Bf1 Rb4 32. Be2 a4 33. Bd1 axb3 34. Rxb3
Ba4 35. Rxb4 Rxb4 36. Be2 Bc2 37. Rc1 d3 38. Ng2 Ne6 39. Bd1 Nd4 40. Ne3 Rb2
41. a4 Bxa4 42. f4 exf4 43. gxf4 Bxd1 44. Rxd1 Ne2+ 45. Kf1 Nxf4 46. Nd5 Rxh2
47. Kg1 Rh4 48. e5 Ne2+ 49. Kf2 Rd4 50. Ke3 Rxc4 51. Rxd3 Ng3 52. Nf6+ Kg7 53.
Rd8 Nf5+ 54. Kf2 Rc2+ 55. Kf3 Nd4+ 56. Ke4 h5 57. Kd5 Ne6 58. Rg8+ Kh6 59. Rh8+
Kg5 60. Rh7 Rd2+ 61. Kc4 Rd4+ 62. Kc3 Nd8 63. Rh8 Kf5 64. Re8 h4 65. Ng8 h3 0-1

[Event "Olimpiada Calviá 2004"]
[Site "Calviá ESP"]
[Date "2004.10.27"]
[Round "12.55"]
[White "Ateka, Nathan"]
[Black "Van Hoolandt, Patrick"]
[Result "0-1"]
[WhiteElo "2138"]
[BlackElo "2269"]
[PlyCount "98"]
[EventDate "2004.10.15"]
[EventType "team"]
[EventRounds "14"]
[EventCountry "ESP"]
[Source "lmi"]
[SourceDate "2004.10.27"]

1. e4 e5 2. Nf3 Nc6 3. Bb5 Nf6 4. O-O Nxe4 5. d4 Nd6 6. Bxc6 dxc6 7. dxe5 Nf5
8. Qxd8+ Kxd8 9. Bg5+ Ke8 10. Nc3 h6 11. Bd2 Be6 12. Rad1 Rd8 13. Bc1 Bb4 14.
Rxd8+ Kxd8 15. Rd1+ Kc8 16. a3 Bxc3 17. bxc3 c5 18. h3 Ne7 19. Nh2 Bf5 20. Rd2
Rd8 21. Nf1 Rxd2 22. Bxd2 Bxc2 23. Ne3 Bd3 24. f4 h5 25. Kf2 Kd7 26. g4 hxg4
27. hxg4 Ke6 28. Kf3 g5 29. Ng2 Nd5 30. fxg5 Kxe5 31. Nf4 Be4+ 32. Kg3 Nb6 33.
Nh5 Na4 34. Nf6 Bg6 35. Bf4+ Ke6 36. Bd2 Nb2 37. Kf4 Nc4 38. Bc1 a5 39. Ne8 Kd7
40. Ng7 Kc6 41. Nf5 Kb5 42. Ke4 c6 43. Kf4 Ka4 44. Ne7 Kb3 45. Be3 Nxe3 46.
Kxe3 Kxc3 47. Nxg6 fxg6 48. Ke4 Kb3 49. Ke5 c4 0-1

[Event "Olimpiada Calviá 2004"]
[Site "Calviá ESP"]
[Date "2004.10.27"]
[Round "12.55"]
[White "Gentilleau, Jean-Philippe"]
[Black "Mukabi, John"]
[Result "1-0"]
[WhiteElo "2256"]
[BlackElo "2105"]
[PlyCount "103"]
[EventDate "2004.10.15"]
[EventType "team"]
[EventRounds "14"]
[EventCountry "ESP"]
[Source "lmi"]
[SourceDate "2004.10.27"]

1. e4 e5 2. Nf3 Nf6 3. Nc3 Bb4 4. Bc4 d6 5. d3 Bxc3+ 6. bxc3 h6 7. h3 Nc6 8. a3
O-O 9. O-O Be6 10. Bb3 Qe7 11. Qe2 Nh7 12. d4 Bxb3 13. cxb3 exd4 14. cxd4 Rae8
15. Re1 a6 16. Bb2 Ng5 17. Nxg5 Qxg5 18. Qe3 Qxe3 19. Rxe3 Re7 20. Rc1 Rfe8 21.
d5 Nd8 22. Rg3 g6 23. Rd3 Rd7 24. f3 c5 25. dxc6 Nxc6 26. Rcd1 Re6 27. Bc1 g5
28. h4 g4 29. Kf2 Na5 30. Bd2 b6 31. Rc1 Nb7 32. b4 Nd8 33. Rc8 gxf3 34. gxf3
Kf8 35. Be3 d5 36. exd5 Red6 37. Bf4 Rxd5 38. Bxh6+ Ke7 39. Rxd5 Rxd5 40. Ra8
a5 41. bxa5 bxa5 42. Bg5+ Ke8 43. Rxd8+ Rxd8 44. Bxd8 Kxd8 45. Ke3 Ke7 46. Kf4
Kf6 47. h5 a4 48. Kg4 Kg7 49. Kg5 Kh7 50. f4 Kg7 51. h6+ Kh7 52. f5 1-0

[Event "Olimpiada Calviá 2004"]
[Site "Calviá ESP"]
[Date "2004.10.27"]
[Round "12.56"]
[White "Matthews, Shane"]
[Black "Hawes, Jonathan"]
[Result "0-1"]
[WhiteElo "2251"]
[BlackElo "2151"]
[PlyCount "126"]
[EventDate "2004.10.15"]
[EventType "team"]
[EventRounds "14"]
[EventCountry "ESP"]
[Source "lmi"]
[SourceDate "2004.10.27"]

1. e4 d6 2. d4 Nd7 3. f4 g6 4. Nf3 Bg7 5. Bc4 e6 6. Nc3 c6 7. O-O Nb6 8. Bb3 a5
9. a3 Ne7 10. Kh1 f5 11. Qe1 d5 12. exd5 exd5 13. Bd2 Nd7 14. Qh4 O-O 15. Rae1
Nf6 16. Re2 b6 17. Rfe1 Ra7 18. Ng5 h6 19. Nf3 Kh7 20. Ne5 Ne4 21. Nxe4 fxe4
22. g4 Bxe5 23. fxe5 Ng8 24. Qxd8 Rxd8 25. h3 Rf8 26. Kg2 Raf7 27. c4 Rf3 28.
Bc3 Ne7 29. cxd5 cxd5 30. Bd1 Ba6 31. Re3 Rf2+ 32. Kg1 Bf1 33. Be2 Bxe2 34.
R1xe2 Rxe2 35. Rxe2 Rf3 36. Rf2 Rxf2 37. Kxf2 Kg7 38. Ke3 Kf7 39. a4 g5 40. b3
Nc6 41. Bb2 Nb4 42. Kd2 Nc6 43. Kc3 Ke6 44. Ba3 Kd7 45. Bf8 Nd8 46. Bxh6 Ne6
47. Kd2 Ke8 48. Ke3 Kf7 49. Bxg5 Nxg5 50. h4 Ne6 51. Kf2 Nxd4 52. h5 Nf3 53.
Ke3 Nxe5 54. g5 Kg7 55. Kf4 Ng6+ 56. Ke3 Kh7 57. hxg6+ Kxg6 58. Kf4 Kf7 59. Ke3
Ke7 60. Kd4 Ke6 61. g6 Kf6 62. g7 Kxg7 63. Kxd5 e3 0-1

[Event "Olimpiada Calviá 2004"]
[Site "Calviá ESP"]
[Date "2004.10.27"]
[Round "12.56"]
[White "Fulton, Anthony"]
[Black "Rowe, Duane"]
[Result "0-1"]
[WhiteElo "2203"]
[BlackElo "2197"]
[PlyCount "54"]
[EventDate "2004.10.15"]
[EventType "team"]
[EventRounds "14"]
[EventCountry "ESP"]
[Source "lmi"]
[SourceDate "2004.10.27"]

1. e4 e5 2. Nf3 Nc6 3. Bb5 a6 4. Ba4 Nf6 5. O-O Be7 6. Re1 b5 7. Bb3 O-O 8. a4
Bb7 9. c3 d5 10. exd5 Nxd5 11. axb5 axb5 12. Rxa8 Bxa8 13. Nxe5 Nxe5 14. Rxe5
Nf4 15. d4 Nxg2 16. d5 Bf6 17. Re4 Nh4 18. Bf4 Qd7 19. Re3 c5 20. c4 bxc4 21.
Bxc4 Bd4 22. Rd3 Bxd5 23. Bxd5 Qxd5 24. Qg4 Bxf2+ 25. Kxf2 Qxd3 26. Nd2 Qd4+
27. Kg3 Ng6 0-1

[Event "Olimpiada Calviá 2004"]
[Site "Calviá ESP"]
[Date "2004.10.27"]
[Round "12.56"]
[White "Porter, Russel"]
[Black "Wojciechowski, Paul"]
[Result "1-0"]
[WhiteElo "2176"]
[BlackElo "2146"]
[PlyCount "97"]
[EventDate "2004.10.15"]
[EventType "team"]
[EventRounds "14"]
[EventCountry "ESP"]
[Source "lmi"]
[SourceDate "2004.10.27"]

1. c4 Nf6 2. Nc3 g6 3. e4 e5 4. Nf3 d6 5. d4 exd4 6. Nxd4 Bg7 7. Be2 O-O 8. O-O
Nc6 9. Nxc6 bxc6 10. Bg5 Qe8 11. Bf3 Be6 12. b3 Rb8 13. Rc1 Nd7 14. Re1 h6 15.
Be3 a5 16. Qd2 Kh7 17. Be2 Qc8 18. Bd4 Bxd4 19. Qxd4 c5 20. Qd2 Ne5 21. f4 Nc6
22. f5 gxf5 23. exf5 Bxf5 24. Nd5 Ne5 25. Qf4 Qe6 26. Bf3 c6 27. Ne7 Bg6 28.
Nxc6 Nd3 29. Rxe6 Nxf4 30. Rxd6 Rbe8 31. Rd2 Re3 32. Rcd1 Rfe8 33. h4 a4 34.
bxa4 Bd3 35. Bd5 Be2 36. Re1 Rg3 37. Kh2 Reg8 38. Rexe2 Nxe2 39. Rxe2 R3g4 40.
a5 Rxh4+ 41. Kg1 Rf4 42. a6 Ra8 43. a7 Rf6 44. Re7 Kg7 45. Rb7 h5 46. Rb8 Rxc6
47. Rxa8 Ra6 48. Rg8+ Kxg8 49. a8=Q+ 1-0